Enseñanza artística /

Crear e imaginar son habilidades que toda persona posee desde que nace. No obstante, se pueden educar, desarrollar y potenciar. Además de estudiar las herramientas de las diferentes artes, podemos utilizar variados métodos de enseñanza para abordar disciplinas artísticas. Con el fin de adentrarnos e...

Descripción completa

Guardado en:
Autor Principal: Ávila, Benjamín
Autor Corporativo: Canal Encuentro.
Otros Autores: Gisela Busaniche.
Formato: Deslizar
Publicado: Argentina, 2010
Series:En el medio del arte /
Materias:
Acceso en línea:https://www.educ.ar/recursos/101407/ensenanza-artistica
Etiquetas: Agregar Etiqueta
Sin Etiquetas, Sea el primero en etiquetar este registro!
LEADER 01514ngm a22003975g 4500
001 CEM.cems024158
008 130507s2010##################0###0#####d
005 20250829162602.0
245 1 0 |a Enseñanza artística /  |c Benjamín Ávila. 
260 |a Argentina,  |c 2010 
300 |a 27'. 
490 0 |a En el medio del arte / 
538 |a Soporte: DVD - Grabación DRD 
520 |a Crear e imaginar son habilidades que toda persona posee desde que nace. No obstante, se pueden educar, desarrollar y potenciar. Además de estudiar las herramientas de las diferentes artes, podemos utilizar variados métodos de enseñanza para abordar disciplinas artísticas. Con el fin de adentrarnos en las similitudes y los contrastes de distintas propuestas, visitamos un conservatorio, una escuela que utiliza el método Suzuki y un laboratorio teatral. 
500 |a Consultar en ventanilla. 
100 1 |a Ávila, Benjamín 
710 2 |a Canal Encuentro. 
700 1 |a Gisela Busaniche. 
082 7 0 |/ AVI-2 
653 |a ARTE 
653 |a EDUCACIÓN 
653 |a PÚBLICA 
653 |a ARTÍSTICA 
653 |a ENSEÑANZA 
653 |a KARTÚN 
653 |a JURI 
653 |a ORQUESTA 
653 |a SPECTOR 
653 |a DEMAIO 
653 |a YAEL 
653 |a CLADERA 
653 |a MÉTODO 
653 |a SUZUKI 
653 |a PROGRAMA DE TELEVISIÓN 
856 |u https://www.educ.ar/recursos/101407/ensenanza-artistica 
859 |a CEMS  |b BIB. CEMS - Depto. Recursos Didacticos  |h 700  |i AVI-2  |k DRD  |p 2801.19  |t Ej.1